| 000 | 00364 a2200157 4500 | ||
|---|---|---|---|
| 001 | 60850 | ||
| 020 | _a9783125614093 | ||
| 040 | _cAnchieta - Pituba | ||
| 100 | _aNeubold, Joachim | ||
| 240 | 1 | 0 |
_aPons grammatik kurz & bündig _ldeu / ger |
| 245 | 1 | 0 | _aPons grammatik kurz & bündig |
| 300 | _a159 | ||
| 362 | 0 | _a2008 | |
| 650 | 4 | _aLíngua alemã | |
| 942 | _cBK | ||
| 999 |
_c60850 _d60850 |
||